Crecer con Inclusión: Aportes del Instituto de Economía y Desarrollo Empresarial de la CCL al Debate Nacional (Record no. 24879)

MARC details
000 -LEADER
campo de control de longitud fija 00460nam a2200121Ia 4500
005 - FECHA Y HORA DE LA ÚLTIMA TRANSACCIÓN
campo de control 20251222152010.0
008 - DATOS DE LONGITUD FIJA--INFORMACIÓN GENERAL
campo de control de longitud fija 251222s9999||||xx |||||||||||||| ||spa||
082 ## - NÚMERO DE LA CLASIFICACIÓN DECIMAL DEWEY
Número de clasificación 330.985/I59C
100 ## - ENTRADA PRINCIPAL--NOMBRE DE PERSONA
Nombre de persona Peñaranda Castañeda, César
245 #0 - MENCIÓN DEL TÍTULO
Título Crecer con Inclusión: Aportes del Instituto de Economía y Desarrollo Empresarial de la CCL al Debate Nacional
264 ## - PRODUCCIÓN, PUBLICACIÓN, DISTRIBUCIÓN, FABRICACIÓN Y COPYRIGHT
Nombre del de productor, editor, distribuidor, fabricante Instituto de Economía y Desarrollo Empresarial de la Cámara de Comercio de Lima
942 ## - ELEMENTOS DE ENTRADA SECUNDARIOS (KOHA)
Tipo de ítem Koha Libros
Holdings
Estatus retirado Estado de pérdida Estado de daño No para préstamo Biblioteca de origen Biblioteca actual Ubicación en estantería Fecha de adquisición Total de préstamos Signatura topográfica completa Código de barras Visto por última vez Precio de reemplazo Tipo de ítem Koha
        Biblioteca Huaura Biblioteca Huaura Programa 22/12/2025   330.985/I59C 0006654 22/12/2025 22/12/2025 Libros